000 00480cam a2200181ua 4500
003 OSt
008 250106b |||||||| |||| 00| 0 eng d
020 _a0-07-043589-8
020 _a9780070146112
082 _a621.3
_bKOT/BA
100 _aKothari , D.P .
_9359
245 _aBasic electrical engineering /
250 _a2 /
260 _aNewDelhi :
_bMcGraw Hill Publishing Company Limited ,
_c2006.
300 _a667 ; .
700 1 _aNagrath, I.J .
_91329
942 _cBK
999 _c12904
_d12904